El conductismo

Enregistré dans:
Détails bibliographiques
Auteur principal: Watson, J. B (Auteur)
Format: Livre
Langue:espagnol
Publié: Buenos Aires Paidós 1955
Édition:2a. ed
Collection:Biblioteca psicologías del siglo XX, 1
Sujets:
Tags: Ajouter un tag
Pas de tags, Soyez le premier à ajouter un tag!

MARC

LEADER 00000nam a2200000 a 4500
001 UCY6169
003 CL-VaPUC
008 950521e19550000AG |||||||||||||||||spa|d
082 0 4 |a 150.19  |b WAT  |2 21 
100 0 |a Watson, J. B  |e author  |9 335939 
245 1 3 |a El conductismo 
250 |a 2a. ed 
300 |a 329 p 
942 |c BK 
945 |d 19950521 00:00:00  |a cmena 
260 |a Buenos Aires  |b Paidós  |c 1955 
650 0 |a Psicología   |9 257863 
650 7 |a BEHAVIORISMO  |2 CL-VaPUC  |9 334658 
650 7 |a ESCUELAS DE PSICOLOGIA  |2 CL-VaPUC  |9 334607 
650 0 |a Comportamiento   |9 308406 
650 0 |a Naturaleza humana   |9 308593 
650 0 |a Emociones   |9 265224 
650 7 |a INSTINTOS  |2 CL-VaPUC  |9 334636 
650 7 |a HABITOS  |2 CL-VaPUC  |9 311931 
650 0 |a Funciones ejecutivas   |9 335940 
650 0 |a Personalidad   |9 307255 
583 |a last modification  |c 19950521 00:00:00  |k Rodrigo Vera 
490 0 |a Biblioteca psicologías del siglo XX, 1 
999 |c 233749  |d 233747 
952 |0 0  |1 0  |4 0  |6 150_190000000000000_WAT_1955  |7 0  |8 A  |9 239472  |a BIBEDU  |b BIBEDU  |d 2019-11-18  |i 1504975  |o 150.19 WAT 1955  |p 1504975  |r 2019-11-18  |w 2019-11-18  |y BK  |k EDU